[Event "II American Continental"]
[Site "Buenos Aires ARG"]
[Date "2003.08.19"]
[Round "3"]
[White "Vera,I"]
[Black "Dobson Aguilar,L"]
[Result "0-1"]
[WhiteElo "2189"]
[BlackElo "2330"]

1.d4 Nf6 2.Bg5 Ne4 3.Bh4 c6 4.f3 Qa5+ 5.Nd2 Qh5 6.Nxe4 Qxh4+ 7.Nf2 e5 8.e3 d5
9.c3 Bd6 10.g3 Qh6 11.f4 exf4 12.exf4 O-O 13.Bh3 Re8+ 14.Kf1 Bxh3+ 15.Ngxh3 Nd7
16.Kg2 Qg6 17.Re1 Nf6 18.Ng5 Rxe1 19.Qxe1 Qc2 20.Qb1 Qe2 21.Qd3 Re8 22.Rb1 h6
23.Nh3 Qh5 24.Ng1 c5 25.Rc1 c4 26.Qf3 Qf5 27.Ngh3 h5 28.Ng5 Ng4 29.Ngh3 Re3
30.Qd1 Qe6 31.Nxg4 hxg4 32.Ng1 Qe4+ 33.Kf1 f5 34.Qc2 Re1+  0-1

[Event "XI Open A"]
[Site "Mislata ESP"]
[Date "2003.08.20"]
[Round "2"]
[White "Romero Holmes,A"]
[Black "Ibanez Aullana,J"]
[Result "1-0"]
[WhiteElo "2530"]
[BlackElo "2296"]

1.d4 Nf6 2.Bg5 Ne4 3.Bf4 c5 4.f3 Qa5+ 5.c3 Nf6 6.d5 Qb6 7.Bc1 e5 8.e4 d6
9.Na3 Qd8 10.Nc4 Be7 11.a4 h5 12.Bd3 b6 13.f4 exf4 14.Bxf4 Ba6 15.Ne3 Bc8
16.Nf3 Ng4 17.Nc4 f6 18.Be2 g6 19.O-O Ba6 20.Nh4 Bxc4 21.Bxc4 Kf7 22.h3 Nh6
23.e5 Kg7 24.exd6 Bxd6 25.Qd3 f5 26.Qg3  1-0

[Event "II American Continental"]
[Site "Buenos Aires ARG"]
[Date "2003.08.21"]
[Round "4"]
[White "Hobaica,J"]
[Black "Castaneda,C"]
[Result "1-0"]
[WhiteElo "2281"]
[BlackElo "2148"]

1.d4 Nf6 2.Bg5 Ne4 3.Bf4 c5 4.f3 Qa5+ 5.c3 Nf6 6.d5 g6 7.Na3 d6 8.e4 Nbd7
9.Qd2 a6 10.Nc4 Qc7 11.a4 Nb6 12.Nxb6 Qxb6 13.Bc4 Bg7 14.Ne2 Nd7 15.a5 Qc7
16.O-O O-O 17.Ng3 b5 18.axb6 Nxb6 19.Be2 c4 20.h4 Bd7 21.Bh6 Bxh6 22.Qxh6 Na4
23.f4 Nxb2 24.f5 Nd3 25.h5 Qc5+ 26.Kh2 Ne5 27.fxg6 fxg6 28.hxg6 hxg6 29.Nh5 gxh5
30.Qg5+ Kh8 31.Qh6+ Kg8 32.Qg5+ Kh8 33.Qxh5+ Kg7 34.Qg5+ Ng6 35.Bh5 Be8 36.Rxf8 Kxf8
37.Qh6+ Kg8 38.Rf1  1-0

[Event "XI Open A"]
[Site "Mislata ESP"]
[Date "2003.08.21"]
[Round "3"]
[White "Bellon Lopez,JuM"]
[Black "Schaffer,H"]
[Result "1-0"]
[WhiteElo "2423"]
[BlackElo "2209"]

1.d4 Nf6 2.Bg5 Ne4 3.Bh4 c5 4.f3 g5 5.fxe4 gxh4 6.e3 Bh6 7.Nd2 Bxe3 8.d5 d6
9.Nc4 Bd4 10.c3 Bf6 11.a4 b6 12.Qh5 Nd7 13.Nf3 Qc7 14.Be2 Nf8 15.O-O Ng6
16.Ng5 Bxg5 17.Qxg5 Rg8 18.Ne3 f6 19.Qh6 Bd7 20.Bg4 Bxg4 21.Nxg4 Qc8 22.Qh5 Kf8
23.Nh6 Rg7 24.Rf3 Ke8 25.b3 Kd7 26.Kh1 Kc7 27.Nf5 Rf7 28.Nxh4 Nxh4 29.Qxf7 Nxf3
30.Qxe7+ Qd7 31.Qxd7+ Kxd7 32.gxf3 Ke7 33.Kg2 a5 34.Kf2 Rc8 35.Rb1 f5 36.exf5 c4
37.b4 Kf6 38.bxa5 bxa5 39.Rb5 Ra8 40.Ke3 Ke5 41.f6 Ra7 42.f4+ Kxf6 43.Rb6 Rd7
44.Kd4  1-0

[Event "9th Open"]
[Site "Pilsen-Lobzy CZE"]
[Date "2003.08.21"]
[Round "6"]
[White "Voloshin,L"]
[Black "Konopka,M"]
[Result "1/2-1/2"]
[WhiteElo "2468"]
[BlackElo "2428"]

1.d4 Nf6 2.Bg5 Ne4 3.Bf4 d5 4.Nd2 Nxd2 5.Qxd2 Bf5 6.e3 e6 7.Nf3 Bd6 8.Be2 O-O
9.O-O Bg4 10.Rfd1 Bxf4 11.exf4 Bxf3 12.Bxf3 c6 13.Re1 Nd7 14.Rad1 Qf6  1/2-1/2

[Event "Open"]
[Site "Porto San Giorgo ITA"]
[Date "2003.08.22"]
[Round "2"]
[White "Ruggeri,P"]
[Black "Kuljasevic,D"]
[Result "0-1"]
[WhiteElo "2134"]
[BlackElo "2419"]

1.d4 Nf6 2.Bg5 Ne4 3.Bf4 c5 4.f3 Qa5+ 5.c3 Nf6 6.Nd2 cxd4 7.Nb3 Qd8 8.Bxb8 Rxb8
9.Qxd4 a6 10.e4 e6 11.h4 Qc7 12.O-O-O b5 13.Ne2 a5 14.Kb1 a4 15.Nbc1 a3 16.b4 e5
17.Qd2 h5 18.Nb3 Be7 19.Ng3 d6 20.Nf5 Bxf5 21.exf5 O-O 22.Be2 d5 23.g4 hxg4
24.Rc1 gxf3 25.Bxf3 Qd7  0-1

[Event "14th Sommerpokal"]
[Site "Recklinghausen GER"]
[Date "2003.08.22"]
[Round "5"]
[White "Ressmann,A"]
[Black "Konietzka,L"]
[Result "1-0"]
[WhiteElo "2214"]
[BlackElo "2093"]

1.d4 Nf6 2.Bg5 Ne4 3.Bf4 c5 4.f3 Qa5+ 5.c3 Nf6 6.dxc5 Qxc5 7.e4 d6 8.Qd2 e6
9.c4 Be7 10.Nc3 a6 11.Rd1 e5 12.Be3 Qa5 13.b4 Qd8 14.Nd5 Nxd5 15.cxd5 O-O
16.Bd3 f5 17.g3 fxe4 18.Bxe4 Bf5 19.Qd3 Bxe4 20.Qxe4 Bg5 21.Bf2 Nd7 22.Qg4 Be7
23.Nh3 Rc8 24.O-O Nb6 25.f4 Bf6 26.fxe5 Bxe5 27.Ng5 Qd7 28.Qh4 h6 29.Ne6 Rxf2
30.Rxf2 Nxd5 31.Rxd5 Qxe6 32.Qe4 Qh3 33.Rd1 Qh5 34.Rdf1 Qh3 35.Qxb7 Rc3 36.Qd5+ Kh7
37.Qe4+ g6 38.Qb7+ Bg7 39.Qxg7+  1-0

[Event "Open"]
[Site "Porto San Giorgo ITA"]
[Date "2003.08.24"]
[Round "4"]
[White "Trent,L"]
[Black "Kuljasevic,D"]
[Result "1/2-1/2"]
[WhiteElo "2299"]
[BlackElo "2419"]

1.d4 Nf6 2.Bg5 Ne4 3.Bf4 c5 4.f3 Qa5+ 5.c3 Nf6 6.d5 Qb6 7.Bc1 e6 8.c4 d6
9.e4 g6 10.Ne2 Bg7 11.Nbc3 exd5 12.cxd5 O-O 13.Ng3 h5 14.Be2 Nh7 15.Qc2 a6
16.a4 Re8 17.Nf1 Nd7 18.Ne3 Qd8 19.O-O Bd4 20.Kh1 f5 21.Nc4 Ne5 22.Nxe5 Bxe5
23.exf5 Bxf5 24.Bd3 Qd7 25.Ne4 Rac8 26.Nd2 Bxd3 27.Qxd3 Qf5 28.Qxf5 gxf5
29.Nc4 b5 30.axb5 axb5 31.Nxe5 Rxe5 32.Rd1 Nf6 33.Bg5 Ne8 34.h4 c4 35.Bf4 Re2
36.Bd2 Kf7 37.Ra5 Rc5 38.Bb4 Rc7 39.Rd2 Rxd2 40.Bxd2 Rc5 41.Ra7+ Kg6 42.Re7 Nf6
43.Re6 Kf7 44.Bg5 Nxd5 45.Rxd6 f4 46.Rh6 b4 47.Rxh5 Kg6 48.Rh6+ Kg7 49.Ra6 c3
50.Ra7+ Kg6 51.bxc3 bxc3 52.Ra1 c2 53.Rc1 Kf5 54.g3 fxg3 55.Bd2 Nf4 56.Be3 Rc6
57.Ra1 Nd5 58.Bd2 Rc4 59.Kg2 Rxh4 60.Kxg3 Rd4 61.Bc1 Rd1 62.Kf2 Nb4 63.Ra5+ Ke6
64.Bg5 Nd3+ 65.Ke2 Nb4 66.Rc5 Rg1 67.Bd2 Rg2+ 68.Ke3 Nd5+ 69.Kd3 Kd6 70.Rxc2 Rg8
71.Kd4 Ra8 72.Rc4 Ra2 73.Be1 Nf6 74.Rb4 Ra6 75.Rc4 Ke6 76.Bg3 Ra5 77.Rc6+ Kf5
78.Rc4 Nh5 79.Bc7 Rb5 80.Bd6 Nf4  1/2-1/2

[Event "Open"]
[Site "Porto San Giorgo ITA"]
[Date "2003.08.25"]
[Round "5"]
[White "Piva,G"]
[Black "Ferri,S"]
[Result "1/2-1/2"]
[WhiteElo "2165"]
[BlackElo "2069"]

1.d4 Nf6 2.Bg5 Ne4 3.Bf4 c5 4.f3 Nf6 5.dxc5 Qa5+ 6.Qd2 Qxc5 7.e4 d6 8.Nc3 Bd7
9.O-O-O g6 10.h4 Bg7 11.Be3 Qc8 12.Nge2 b5 13.Kb1 h5 14.Nf4 b4 15.Ncd5 Nxd5
16.exd5 Bf5 17.Bd3 a5 18.Qf2 Be5 19.Bd4 Bxd3 20.Nxd3 Nd7 21.g4 Qc4 22.Nxe5 dxe5
23.b3 Qxd5 24.Bb2 Qe6 25.Qe2 a4 26.Qb5 axb3 27.axb3 hxg4 28.fxg4 Qxg4 29.Bxe5 Rh5
30.Qc6 Rd8 31.Bd4 Qe6 32.Qa4 Qd6 33.Bb2 Rd5 34.Rde1 Rc8 35.h5 Qc5 36.hxg6 Qxc2+
37.Ka1 fxg6 38.Rh8+ Kf7 39.Rh7+ Kg8 40.Rh8+ Kf7  1/2-1/2

[Event "Acropolis Open"]
[Site "Athens GRE"]
[Date "2003.08.27"]
[Round "3"]
[White "Trivizas,M"]
[Black "Skiadopoulos,N"]
[Result "0-1"]
[WhiteElo "2039"]
[BlackElo "2225"]

1.d4 Nf6 2.Bg5 Ne4 3.Bf4 c5 4.d5 d6 5.f3 Nf6 6.e4 g6 7.c4 Bg7 8.Nc3 Na6 9.g4 h5
10.g5 Nd7 11.Qd2 Qa5 12.Bg3 Nb6 13.Rc1 Na4 14.f4 h4 15.Bf2 Bd7 16.h3 Nb4
17.Nxa4 Qxa4 18.a3 Na6 19.Ne2 Nc7 20.Nc3 Qb3 21.Qc2 Qxc2 22.Rxc2 a6 23.Be2 b5
24.Bg4 bxc4 25.Bxd7+ Kxd7 26.Na4 Rab8 27.O-O Rb3 28.Kg2 Rhb8 29.Rxc4 Bxb2
30.Nxb2 Rxb2  0-1

[Event "II American Continental"]
[Site "Buenos Aires ARG"]
[Date "2003.08.27"]
[Round "9"]
[White "Vera,I"]
[Black "Bielicki,C"]
[Result "1/2-1/2"]
[WhiteElo "2189"]
[BlackElo "2289"]

1.d4 Nf6 2.Bg5 Ne4 3.Bh4 c6 4.Nd2 Nxd2 5.Qxd2 d5 6.Nf3 Bf5 7.e3 Nd7 8.c4 Nf6
9.Bxf6 exf6 10.c5 Be7 11.Be2 a5 12.O-O O-O 13.Rfc1 Qb8 14.Bd3 Bg4 15.Ne1 Bd7
16.Rcb1 Qc7 17.b3 Ra7 18.a3 Rfa8 19.Qb2 g6 20.b4 axb4 21.axb4 b5 22.Nc2 f5
23.Rxa7 Rxa7 24.Ra1 Qb8 25.Rxa7 Qxa7 26.Qa1 Qxa1+ 27.Nxa1 Kf8 28.Nb3 Ke8
29.Kf1 Kd8 30.Ke2 Kc8 31.f3 Kc7 32.f4 Be6 33.Kf3 h6 34.Nc1 Bh4 35.g3 Be7
36.Ne2 Kb7 37.Nc3 Ka6 38.Nd1 Kb7 39.Nf2 h5 40.h3 Kc7 41.Bc2 Bf6 42.Nd3 Bd8
43.Ne5 Bf6 44.Bd3 Bd8 45.Bb1 Bf6 46.Bc2 Bd8 47.Nd3 Bf6 48.Nf2 Be7 49.Kg2 Bd8
50.Nd3 Bf6 51.Ne5 Be7 52.Bd3 Bf6 53.Bb1 Be7 54.Bc2 Bf6 55.Nf3 Kd7 56.Bd3 Kc7
57.Ng5 Kd7 58.Kf3 Bd8 59.Kf2 Be7 60.Nf3 Kc7 61.Ne5  1/2-1/2

[Event "European GP"]
[Site "Izmir TUR"]
[Date "2003.08.28"]
[Round "4"]
[White "Mamedjarova,Z"]
[Black "Izoria,Z"]
[Result "0-1"]
[WhiteElo "2372"]
[BlackElo "2541"]

1.d4 Nf6 2.Bg5 Ne4 3.Bf4 d6 4.e3 Nd7 5.Bd3 Nef6 6.Nf3 Nh5 7.Bg3 Nxg3 8.hxg3 g6
9.c3 Bg7 10.Qb3 O-O 11.Nbd2 e6 12.O-O-O c5 13.Rh4 d5 14.Bb1 Rb8 15.Rdh1 h6
16.dxc5 Nxc5 17.Qa3 b6 18.Nb3 Qc7 19.Nxc5 bxc5 20.Qa4 Qb6 21.Qc2 e5 22.Qd2 e4
23.Ng1 g5 24.R4h2 d4 25.exd4 cxd4 26.cxd4 Bf5 27.Ne2 Rfc8+ 28.Kd1 Qxb2  0-1

[Event "Acropolis Open"]
[Site "Athens GRE"]
[Date "2003.08.29"]
[Round "5"]
[White "Skembris,S"]
[Black "Skiadopoulos,N"]
[Result "1-0"]
[WhiteElo "2443"]
[BlackElo "2225"]

1.d4 Nf6 2.Bg5 Ne4 3.Bf4 c5 4.f3 Qa5+ 5.c3 Nf6 6.d5 d6 7.e4 g6 8.Nd2 Bg7
9.Ne2 Bd7 10.a4 Qd8 11.Ng3 O-O 12.Nc4 Na6 13.Be2 Nc7 14.Qd2 b6 15.O-O Rb8
16.Rfd1 Bc8 17.Bf1 Nd7 18.Bh6 Ba6 19.Bxg7 Kxg7 20.Ne3 Bxf1 21.Rxf1 Nf6 22.Rad1 Qd7
23.b3 b5 24.a5 Rbd8 25.b4 e6 26.bxc5 dxc5 27.d6 Ng8 28.c4 bxc4 29.Qc3+  1-0

[Event "Polish Extraleague"]
[Site "Lubniewice POL"]
[Date "2003.08.31"]
[Round "2"]
[White "Mikrut,D"]
[Black "Jaracz,P"]
[Result "1/2-1/2"]
[WhiteElo "2390"]
[BlackElo "2539"]

1.d4 Nf6 2.Bg5 Ne4 3.Bf4 d6 4.f3 Nf6 5.Nc3 Nbd7 6.e4 e5 7.Be3 c6 8.Nge2 h5
9.Qd2 Qc7 10.O-O-O b5 11.d5 a6 12.dxc6 Qxc6 13.Nd5 Nxd5 14.exd5 Qc7 15.f4 g6
16.Ng3 Bg7 17.Ne4 Nf6 18.Nxf6+ Bxf6 19.fxe5 Bxe5 20.Bd4 Bxd4 21.Qxd4 O-O
22.Bd3 Bg4  1/2-1/2

[Event "ch-ISL"]
[Site "Hafnarborg ISL"]
[Date "2003.09.01"]
[Round "9"]
[White "Thorfinnsson,Bj"]
[Black "Stefansson,H"]
[Result "1/2-1/2"]
[WhiteElo "2349"]
[BlackElo "2560"]

1.d4 Nf6 2.Bg5 Ne4 3.Bf4 c5 4.d5 Qb6 5.Qc1 e6 6.f3 Nf6 7.dxe6 fxe6 8.e4 d5
9.Nc3 Be7 10.Bxb8 Rxb8 11.Bb5+ Bd7 12.Bxd7+ Nxd7 13.exd5 exd5 14.Nge2 Nf6
15.Qf4 O-O 16.O-O-O d4 17.Ne4 Qa6 18.Qe5 Nxe4 19.Qxe4 Qxa2 20.Qxe7 Rbe8 21.Qxc5 Rxe2
22.Qa3 Qxa3 23.bxa3 Rxg2 24.Rxd4 Rxf3 25.Rd8+ Rf8 26.Rd7 Rc8 27.Rd2 Rxd2
28.Kxd2 Rc5 29.Rf1 Rh5 30.Rf2 Rh3 31.c3 g5 32.Kc2 Kg7 33.a4 g4 34.a5 h5 35.a6 bxa6
36.c4 h4 37.c5 g3 38.hxg3 hxg3 39.Rf4 Kh6 40.Rg4  1/2-1/2

[Event "12th Monarch Assurance"]
[Site "Port Erin IOM"]
[Date "2003.09.03"]
[Round "7"]
[White "Walton,A"]
[Black "Stubberud,O"]
[Result "1/2-1/2"]
[WhiteElo "2158"]
[BlackElo "1965"]

1.d4 Nf6 2.Bg5 Ne4 3.Bf4 c5 4.f3 Nf6 5.d5 Qb6 6.Bc1 e6 7.Nc3 exd5 8.Nxd5 Nxd5
9.Qxd5 d6 10.e4 Be6 11.Qd2 Be7 12.Ne2 Na6 13.Nf4 Nc7 14.Nh5 O-O-O 15.Nxg7 d5
16.Nxe6 Qxe6 17.Qf4 dxe4 18.Qxe4 Qb6 19.Be2 Bf6 20.O-O Bxb2 21.Bxb2 Qxb2
22.Qf5+ Kb8 23.Qxc5 Ne6 24.Rab1 Qxa2 25.Qe5+ Nc7 26.Bd3 Qd5 27.Qxd5 Nxd5
28.Be4 f5 29.Bxf5 Ne3 30.Be4 Nxf1 31.Rxb7+ Kc8 32.Kxf1 Rd7 33.Rb4 a5 34.Ra4 Ra7
35.g4 Kc7 36.Ke2 Kb6 37.Bd3 h6 38.h4 Kc5 39.g5 hxg5 40.hxg5 Rh2+ 41.Ke3 Re7+
42.Be4 Kb5 43.Ra2 Rh4 44.g6 a4 45.f4 Rh3+ 46.Kd4 Rh4 47.c4+ Kb4 48.Rb2+ Ka3
49.Rf2 Kb4 50.Rb2+ Ka3 51.Rf2 Kb4 52.Bd5 a3 53.c5 Rg4 54.Bf7 Rd7+ 55.Ke5 Kxc5
56.f5 Ra7 57.Kf6 Ra6+ 58.Be6 Ra7 59.Bf7 Ra6+ 60.Kg7 Rg1 61.f6 Kd4 62.Ba2 Ke5
63.Re2+ Kf5 64.Bf7 Ra7  1/2-1/2

[Event "It"]
[Site "Poitou Charentes FRA"]
[Date "2003.09.13"]
[Round "8"]
[White "Saada,J"]
[Black "Lejarre,L"]
[Result "1/2-1/2"]
[WhiteElo "2245"]
[BlackElo "2301"]

1.d4 Nf6 2.Bg5 Ne4 3.Bf4 c5 4.f3 Qa5+ 5.c3 Nf6 6.d5 Qb6 7.Bc1 e6 8.c4 exd5
9.cxd5 d6 10.e4 Be7 11.Ne2 O-O 12.Ng3 Re8 13.Be2 Nbd7 14.O-O Bf8 15.Nc3 a6
16.a4 Qc7 17.Nf5 Ne5 18.Ne3 Ng6 19.Nc4 b6 20.Bg5 Nd7 21.Bd2 Rb8 22.Kh1  1/2-1/2

[Event "2nd Masters"]
[Site "Villeurbanne FRA"]
[Date "2003.09.13"]
[Round "2"]
[White "Thiriet,B"]
[Black "Legky,N"]
[Result "1-0"]
[WhiteElo "2173"]
[BlackElo "2482"]

1.d4 Nf6 2.Bg5 Ne4 3.Bf4 d5 4.e3 c5 5.Bd3 Qb6 6.Bxe4 Qxb2 7.Nd2 dxe4 8.Ne2 g6
9.Nxe4 cxd4 10.Be5 f6 11.Bxd4 Qb4+ 12.N2c3 Qc4 13.Qf3 Nd7 14.O-O-O Qc6 15.Nd5 Bg7
16.Bb2 Ne5 17.Qg3 Be6 18.Nec3 Rc8 19.e4 Nc4 20.Ba1 Qc5 21.Rd3 b5 22.Ne2 b4
23.Bd4 Qa5 24.Kd1 Bxd5 25.exd5 Qxa2 26.Nc1 Nb2+ 27.Bxb2 Qxb2 28.Rd2 O-O 29.Re1 Rc3
30.Nd3 Qa3 31.Qe3 b3 32.Qe6+ Kh8 33.cxb3 Qxb3+ 34.Ke2 Qb5 35.Red1 f5 36.Ke1 Bf6
37.Ne5 a5 38.Nd7 Re8 39.Re2 Rcc8 40.Kf1 Qb3 41.Rde1 Bc3 42.Rc1 Rcd8 43.Qf7 Qa3
44.Rec2 Qd6 45.Rxc3 Rg8 46.Nc5 Rg7 47.Qe6 Qxh2 48.Rh3 Qf4 49.Nd3 Qd2 50.Rc8 Rxc8
51.Qxc8+ Rg8 52.Qe6 Rg7 53.Kg1 h5 54.Qe3 Qd1+ 55.Kh2 Qa1 56.Nf4 Qf6 57.Ne6 Rh7
58.Qc3 Rf7 59.Qc8+ Kh7 60.f4 Kh6 61.Qg8  1-0

[Event "zt 2.5"]
[Site "Asuncion PAR"]
[Date "2003.09.18"]
[Round "5"]
[White "Gamarra,R"]
[Black "Pierrot,F"]
[Result "0-1"]
[WhiteElo "2080"]
[BlackElo "2417"]

1.d4 Nf6 2.Bg5 Ne4 3.h4 d5 4.Nd2 Bf5 5.Nxe4 Bxe4 6.e3 h6 7.Bf4 e6 8.Qd2 Bd6
9.Ne2 Nd7 10.f3 Bh7 11.Bxd6 cxd6 12.Nf4 Rc8 13.c3 a6 14.g4 Nb6 15.Nh5 Kf8
16.Kf2 g6 17.Ng3 Kg7 18.f4 Nd7 19.Be2 Qe7 20.Rag1 e5 21.h5 g5 22.fxg5 hxg5
23.Bd3 e4 24.Be2 Rhf8 25.Kg2 f5 26.gxf5 Bxf5 27.Rf1 Be6 28.Qd1 Rxf1 29.Rxf1 Rf8
30.Rxf8 Kxf8 31.Bg4 Nf6 32.Bxe6 Qxe6 33.Qf1 b5 34.h6 Ke7 35.Nf5+ Kf7 36.a4 Kg6
37.axb5 axb5 38.Ng3 Qg4 39.h7 Nxh7 40.Qxb5 Qf3+ 41.Kh3 g4+ 42.Kh4 Qf6+ 43.Kxg4 Qe6+
44.Kh4 Ng5  0-1

[Event "Osen I"]
[Site "Alushta UKR"]
[Date "2003.09.20"]
[Round "7"]
[White "Nalbandian,T"]
[Black "Zavgorodniy,S"]
[Result "1/2-1/2"]
[WhiteElo "2478"]
[BlackElo "2409"]

1.d4 Nf6 2.Bg5 Ne4 3.Bf4 d5 4.Nd2 Bf5 5.e3 e6 6.Bd3 Nxd2 7.Qxd2 Bxd3 8.Qxd3 c5
9.dxc5 Qa5+ 10.c3 Qxc5 11.Nf3 Nd7 12.O-O Be7 13.e4 Nf6 14.e5 Nd7 15.Nd4 a6
16.Qg3 g6 17.Bg5 h6 18.Nb3 Qc7 19.Bxe7 Kxe7 20.Rae1 Raf8 21.Re3 Kd8 22.c4 dxc4
23.Nd2 Nb6 24.Rc1 Kc8 25.Ne4 Kb8 26.Nd6 Rd8 27.b3 f6 28.Nxc4 Nxc4 29.bxc4 f5
30.Qf3 g5 31.Rb1 g4 32.Qe2 Rh7 33.Reb3 Rhd7 34.h3 gxh3 35.Rxh3 Rd2 36.Qf3 R8d3
37.Qxd3 Rxd3 38.Rxd3 Qxc4 39.Rd7 Qe4 40.Rbxb7+ Qxb7 41.Rxb7+ Kxb7 42.Kh2 Kc6
43.Kh3 Kd5 44.f4 a5 45.Kh4 a4 46.Kh5 Ke4 47.g3 Kf3 48.Kxh6 Kxg3 49.Kg5 a3
50.Kf6 Kxf4 51.Kxe6 Kg4 52.Kd5 f4 53.e6 f3 54.e7 f2 55.e8=Q f1=Q 56.Qa4+ Kf5
57.Qxa3 Qd1+ 58.Kc6 Qh1+ 59.Kb6 Qb1+ 60.Ka5 Kf6 61.Qd6+ Kf7 62.a4 Ke8 63.Ka6 Qf1+
64.Ka7 Qa1 65.Qc6+ Kd8 66.Qd6+ Kc8 67.Qc5+ Kd8 68.a5 Qg7+ 69.Ka6 Qc7  1/2-1/2

[Event "TCh-FIN 2003-4"]
[Site "Finland FIN"]
[Date "2003.09.21"]
[Round "2"]
[White "Puranen,J"]
[Black "Westerinen,H"]
[Result "0-1"]
[WhiteElo "2302"]
[BlackElo "2351"]

1.d4 Nf6 2.Bg5 Ne4 3.Bf4 d5 4.f3 Nd6 5.Nd2 Bf5 6.c4 c6 7.e3 e6 8.Qb3 dxc4
9.Nxc4 Nxc4 10.Bxc4 Qa5+ 11.Kf2 Qb4 12.e4 Qxb3 13.axb3 Bg6 14.h4 h6 15.h5 Bh7
16.Ne2 Nd7 17.g4 Nb6 18.Be3 Be7 19.Rhd1 O-O 20.Kg2 Rfd8 21.Nc3 Bf6 22.Be2 Kf8
23.b4 Rdc8 24.Ra5 Bd8 25.Ra2 a6 26.Nb1 Nd7 27.Na3 Be7 28.Bd2 Nb6 29.b3 Rd8
30.Bc3 Rd7 31.Nc4 Nxc4 32.bxc4 Rad8 33.Kf2 Bg5 34.b5 axb5 35.cxb5 Bf6 36.bxc6 bxc6
37.Rc2 c5 38.Bb5 Bxd4+ 39.Bxd4 Rxd4  0-1

[Event "zt 2.5"]
[Site "Asuncion PAR"]
[Date "2003.09.22"]
[Round "8"]
[White "Vera,I"]
[Black "Bergonzi,O"]
[Result "0-1"]
[WhiteElo "2189"]
[BlackElo "2170"]

1.d4 Nf6 2.Bg5 Ne4 3.Bh4 g5 4.f3 c5 5.fxe4 gxh4 6.e3 Bh6 7.Kf2 Nc6 8.Qh5 Bg7
9.Qxc5 d6 10.Qg5 O-O 11.c3 f5 12.Bc4+ Kh8 13.Ne2 fxe4+ 14.Ke1 h3 15.gxh3 Rf5
16.Qg2 d5 17.Bb3 Rf3 18.Rg1 Bh6 19.Nf4 Rxe3+ 20.Kd1 Rf3 21.Bxd5 Bxh3 22.Ng6+ hxg6
23.Qxg6 Qf8 24.Bxe4 Bf5 25.Bxf5 Rxf5 26.Na3 Rf2 27.Qg3 Qf5 28.Rc1 Rd2+  0-1

[Event "3rd ch-Euro Senior"]
[Site "Saint Vincent ITA"]
[Date "2003.09.24"]
[Round "8"]
[White "Chernikov,O"]
[Black "Stepak,Y"]
[Result "1-0"]
[WhiteElo "2455"]
[BlackElo "2268"]

1.d4 Nf6 2.Bg5 Ne4 3.Bf4 c5 4.f3 Nf6 5.d5 d6 6.e4 g6 7.Nc3 Bg7 8.Bb5+ Nfd7
9.a4 O-O 10.Nh3 Ne5 11.Nf2 e6 12.O-O exd5 13.Nxd5 a6 14.Be2 Nbc6 15.c3 f5
16.exf5 gxf5 17.Nh3 Nf7 18.Qc2 Be6 19.Rad1 Rc8 20.Bg3 Nd4 21.cxd4 Bxd5 22.Nf4 cxd4
23.Qxf5 Ne5 24.Qh3 Bb3 25.Rde1 Qf6 26.Nh5 Qg6 27.f4 d3 28.Bd1 Bxd1 29.Rxd1 Ng4
30.Nxg7 Kxg7 31.Be1 Rc2 32.Bc3+ Kg8 33.Rxd3 Re8 34.Rg3 h5 35.Qh4 Re5 36.f5  1-0

[Event "12th Monarch Assurance"]
[Site "Port Erin IOM"]
[Date "2003.09.30"]
[Round "4"]
[White "Menacher,M"]
[Black "Hebden,M"]
[Result "1/2-1/2"]
[WhiteElo "2327"]
[BlackElo "2544"]

1.d4 Nf6 2.Bg5 Ne4 3.Bf4 c5 4.f3 Qa5+ 5.c3 Nf6 6.Nd2 cxd4 7.Nb3 Qb6 8.Qxd4 Nc6
9.Qxb6 axb6 10.Nd4 e5 11.Nxc6 exf4 12.Nd4 g6 13.g3 Bd6 14.Nb5 Bb8 15.gxf4 Bxf4
16.e3 Be5 17.Bh3 O-O 18.Ne2 Nd5 19.Kf2 f5 20.Rhd1 Nf6 21.Nd6 Ra4 22.b4 b5
23.Kg1 b6 24.Bf1 Ba6 25.a3 Kg7 26.h3 Rb8 27.f4 Bxd6 28.Rxd6 Re8 29.c4 Rxe3
30.Rxb6 bxc4 31.b5 Bxb5 32.Rxb5 Raxa3 33.Rxa3 Rxa3 34.Rc5 d5 35.Rc7+ Kh6
36.Rf7 Ne4 37.Rd7 Rd3 38.Bg2 Rd1+ 39.Kh2 Rd2 40.Ng1 c3 41.Nf3 Rd1 42.Rc7 d4
43.Ne5 Rd2 44.Nf3 Rd1 45.Ne5 Rd2  1/2-1/2

[Event "12th Monarch Assurance"]
[Site "Port Erin IOM"]
[Date "2003.09.30"]
[Round "4"]
[White "Walton,A"]
[Black "Young,M"]
[Result "1/2-1/2"]
[WhiteElo "2158"]
[BlackElo "2005"]

1.d4 Nf6 2.Bg5 Ne4 3.Bf4 d5 4.f3 Nf6 5.e4 dxe4 6.Nc3 e3 7.Qd3 e6 8.Qxe3 Be7
9.Bd3 Nc6 10.Nge2 Nb4 11.O-O Nxd3 12.Qxd3 O-O 13.Ne4 b6 14.Rad1 a5 15.c4 a4
16.N2c3 Ba6 17.b3 Nd5 18.Nxd5 exd5 19.Nc3 dxc4 20.bxc4 Qd7 21.Rfe1 Rad8 22.Nd5 Qxd5
23.cxd5 Bxd3 24.Rxe7 Bc4 25.Bxc7 Rxd5 26.a3 b5 27.Bb6 h6 28.Rde1 Kh7 29.Rc7 Kg6
30.Ree7 Rd6 31.Bc5 Rdd8 32.Rc6+ Kh7 33.Rcc7 Rfe8 34.Kf2 Rxe7 35.Rxe7 Kg6
36.h4 Kf6 37.Re3 Kg6 38.g4 Kh7 39.f4 Rd7 40.Kg3 f6 41.f5 Bb3 42.Kf4 Bd5 43.g5 hxg5+
44.hxg5 fxg5+ 45.Kxg5 Bc4 46.Kf4 Ba2 47.Re5 Bd5 48.Ke3 Kg8 49.Re8+ Kh7 50.Rb8 Rb7
51.Rd8 Bc4 52.d5 Rc7 53.Kd4 Rf7 54.Ke4 Bb3 55.Ke5 Bc2 56.Rf8 Rxf8 57.Bxf8 Kg8
58.Bb4 Kf7 59.Kf4 g6 60.fxg6+ Kxg6 61.Ke5 Bf5 62.Kd6 Kf7 63.Kc6 Ke8 64.Kb6 Bd7  1/2-1/2

[Event "ECC"]
[Site "Rethymnon GRE"]
[Date "2003.10.01"]
[Round "4"]
[White "Palliser,R"]
[Black "Babula,V"]
[Result "0-1"]
[WhiteElo "2438"]
[BlackElo "2550"]

1.d4 Nf6 2.Bg5 Ne4 3.Bf4 d5 4.e3 Bf5 5.f3 Nf6 6.c4 e6 7.Qb3 b6 8.Nc3 c6 9.g4 Bg6
10.h4 h5 11.g5 Ng8 12.Nh3 Bd6 13.O-O-O Ne7 14.e4 O-O 15.Bd3 dxc4 16.Bxc4 b5
17.Be2 a5 18.a4 Na6 19.axb5 a4 20.Qxa4 Nc7 21.Qb3 cxb5 22.e5 Bc5 23.Ne4 Bxd4
24.Bd3 Ncd5 25.Nf6+ gxf6 26.gxf6 Nxf4 27.fxe7 Ra1+ 28.Kd2  0-1

[Event "ECC"]
[Site "Rethymnon GRE"]
[Date "2003.10.01"]
[Round "4"]
[White "Karttunen,M"]
[Black "Rasik,V"]
[Result "1-0"]
[WhiteElo "2381"]
[BlackElo "2466"]

1.d4 Nf6 2.Bg5 Ne4 3.Bf4 d5 4.e3 g6 5.Bd3 Bg7 6.Bxe4 dxe4 7.Nd2 c5 8.c3 cxd4
9.exd4 b6 10.Nxe4 Qd5 11.f3 O-O 12.Ne2 Ba6 13.Qd2 Nc6 14.b3 Rfd8 15.O-O f5
16.Nf2 h6 17.c4 Qf7 18.Bxh6 Nxd4 19.Nxd4 Rxd4 20.Qb2 Bh8 21.Qa3 Bb7 22.Bg5 Be5
23.Rfe1 Bd6 24.Qb2 Qg7 25.Qe2 e5 26.Rad1 Rxd1 27.Rxd1 Bc7 28.Qd2 Bc6 29.b4 a6
30.b5 axb5 31.cxb5 Bb7 32.Qd7 Qxd7 33.Rxd7 Rc8 34.Kf1 Ba8 35.h4 Bb8 36.a4 Re8
37.Be3 e4 38.f4 Kf8 39.Nh3 Re7 40.Rd8+ Re8 41.Rxe8+ Kxe8 42.Bxb6 Bd5 43.Kf2 Bd6
44.Bd4 Kd7 45.a5 Bc4 46.a6 Bxb5 47.a7 Bc6 48.Kg3 Kc8 49.Be3 Kb7 50.h5 gxh5
51.Kh4 Bb5 52.Nf2 Bb4 53.Kxh5 Be1 54.Nh3 Bf1 55.Kg6 Bxg2 56.Ng5 Ba5 57.Kxf5 Bc7
58.Kg4 Bf3+ 59.Kf5 Bg2 60.Nf7 Bh3+ 61.Kg5 Be6 62.Nh6 Bd8+ 63.Kg6 Ka8 64.f5 Bxf5+
65.Kxf5 Kb7 66.Nf7 Bc7 67.Kxe4 Ka8 68.Kd5 Kb7 69.Bd4 Ka8 70.Ng5 Kb7 71.Ne6 Bh2
72.Kc4 Bg3 73.Kb5 Bh2 74.Bb6 Bg3 75.Nc5+ Ka8 76.Ne4 Bh2 77.Nc3 Kb7 78.Bd4 Bg3
79.Na4 Bh2 80.Bf2 Bf4 81.Nb6 Kxa7 82.Nd5+ Kb7 83.Nxf4 Kc7 84.Bc5 Kb7 85.Nd5 Kb8
86.Kc6 Ka8 87.Nc7+ Kb8 88.Bd4 Kc8 89.Ba7 Kd8 90.Nd5 Ke8 91.Kd6 Kf7 92.Ne7 Kf6
93.Be3 Kf7 94.Bd4 Ke8 95.Ke6 Kd8 96.Bb6+ Ke8 97.Nf5 Kf8 98.Bc7 Ke8 99.Ng7+ Kf8
100.Kf6 Kg8 101.Bd6 Kh7 102.Nf5 Kg8 103.Kg6 Kh8 104.Bc5  1-0

[Event "Tatry Open"]
[Site "Tatranske Zruby SVK"]
[Date "2003.10.02"]
[Round "7"]
[White "Cech,P"]
[Black "Stocek,J"]
[Result "0-1"]
[WhiteElo "2400"]
[BlackElo "2539"]

1.d4 Nf6 2.Bg5 Ne4 3.Bf4 c5 4.f3 Nf6 5.d5 d6 6.e4 e6 7.Bb5+ Bd7 8.Bxd7+ Nbxd7
9.dxe6 fxe6 10.Bxd6 Qb6 11.Bxf8 Rxf8 12.Qc1 O-O-O 13.Nh3 c4 14.Nf2 Ne5 15.Nc3 Nfg4
16.Nfd1 Nxh2 17.Qe3 Nhxf3+ 18.gxf3 Nxf3+ 19.Kf1 Rd2 20.Qxb6 Nh2+ 21.Ke1 Nf3+
22.Kf1 axb6 23.Nf2 Rxc2 24.Ncd1 Ne5 25.Kg1 h6 26.Rh3 b5 27.a3 Nf3+ 28.Kg2 Ne1+
29.Kg1 Nf3+ 30.Kg2 Ne1+ 31.Kg1 Rd2 32.b3 Nf3+ 33.Kg2 Ne5 34.Kg1 g5 35.bxc4 bxc4
36.Rc1 Rf6 37.a4 Kb8 38.a5 Ra2 39.Rb1 Rxa5 40.Rc3  0-1

[Event "Tatry Open"]
[Site "Tatranske Zruby SVK"]
[Date "2003.10.03"]
[Round "8"]
[White "Buchnicek,P"]
[Black "Daels,M"]
[Result "1/2-1/2"]
[WhiteElo "2325"]
[BlackElo "2196"]

1.d4 Nf6 2.Bg5 Ne4 3.h4 c5 4.d5 g6 5.Qd3 Nxg5 6.Qc3 f6 7.hxg5 Bg7 8.Nd2 d6
9.gxf6 exf6 10.Qg3 O-O 11.e3 f5 12.Qh2 h6 13.Ne2 g5 14.Ng3 f4 15.Nge4 Bf5
16.Bd3 Qe7 17.f3 b5 18.exf4 c4 19.Be2 Bxe4 20.Nxe4 Rxf4 21.c3 Nd7 22.g3 Rff8
23.O-O-O Rac8 24.Qh3 Nc5 25.Nxc5 Rxc5 26.Rhe1 Re8 27.Qf5 Qe5 28.Bd3 Qxf5
29.Bxf5 Be5 30.Kc2 Rf8 31.g4 Kg7 32.Rh1 a5  1/2-1/2

[Event "FSIM October"]
[Site "Budapest HUN"]
[Date "2003.10.04"]
[Round "1"]
[White "Mensch,E"]
[Black "Horvath,An"]
[Result "1-0"]
[WhiteElo "2327"]
[BlackElo "2265"]

1.d4 Nf6 2.Bg5 Ne4 3.Bf4 d5 4.e3 Bf5 5.Bd3 e6 6.f3 Nf6 7.Ne2 Be7 8.g4 Bxd3
9.Qxd3 c5 10.c3 Nc6 11.a3 c4 12.Qc2 h6 13.Nd2 g5 14.Bg3 h5 15.gxh5 Nxh5 16.e4 Qd7
17.Be5 Nxe5 18.dxe5 g4 19.O-O-O gxf3 20.Nxf3 O-O-O 21.Rhf1 Kb8 22.Kb1 Rh6
23.Nfd4 Bc5 24.exd5 exd5 25.Qf5 Qe7 26.Nc2 Ng7 27.Qf4 Rh4 28.Qxf7 Qxe5 29.Ned4 Bxd4
30.Nxd4 Qc7 31.Qxc7+ Kxc7 32.Rf7+ Rd7 33.Rxg7 Rxg7 34.Ne6+ Kd6 35.Nxg7 Rxh2
36.Nf5+ Ke5 37.Nd4 Rh8 38.Rf1  1-0